00463nam a22001577a 45000050016000000100017000160200023000330350017000560370021000730820011000941000020001052450076001252600032002012700057002333000015002902012071000030.0 aB-462419-423 a8188134023c395.00 aB-462419-423 adplbK.K.Pub/Ven a882.08 aAggarwal, Beena aThe Plays of Rabindranath Tagore:bA Thematic Study/cby Beena Aggarwal aNew DelhibR.D.Pandeyc2003 aWZ A-43 Gali No.13 Prem Nagar Uttam NagarbNew Delhi a150pc21cm